Personal narrative of the outbreak and massacre (Record no. 745642)

MARC details
000 -LEADER
fixed length control field 00632nam a2200229Ia 4500
003 - CONTROL NUMBER IDENTIFIER
control field OSt
005 - DATE AND TIME OF LATEST TRANSACTION
control field 20220928112649.0
008 - FIXED-LENGTH DATA ELEMENTS--GENERAL INFORMATION
fixed length control field 220927b |||||||| |||| 00| 0 eng d
037 ## - SOURCE OF ACQUISITION
Terms of availability Textual
040 ## - CATALOGING SOURCE
Original cataloging agency SDCL
Transcribing agency SDCL
Language of cataloging eng
041 ## - LANGUAGE CODE
Source of code eng
Language code of text/sound track or separate title eng
100 ## - MAIN ENTRY--PERSONAL NAME
Personal name Shepherd W J
9 (RLIN) 429151
245 #0 - TITLE STATEMENT
Title Personal narrative of the outbreak and massacre
260 ## - PUBLICATION, DISTRIBUTION, ETC.
Place of publication, distribution, etc. New Delhi
Name of publisher, distributor, etc. Academic Books
Date of publication, distribution, etc. 1879
300 ## - PHYSICAL DESCRIPTION
Extent v,161p
Dimensions cm.
942 ## - ADDED ENTRY ELEMENTS (KOHA)
Classification part V25212:51'M57, A79
Koha item type Textual
Source of classification or shelving scheme Colon Classification (CC)
Holdings
Withdrawn status Lost status Damaged status Not for loan Home library Current library Date acquired Total Checkouts Full call number Barcode Date last seen Price effective from Koha item type
        South Campus Library South Campus Library 2022-09-28   V25212:51'M57 A79 SC0617373 2022-09-28 2022-09-28 Textual
Copyright @ Delhi University Library System